Countries taken over by Germany in WWII - Sudden Death - Statistics

General Stats
  • This quiz has been taken 103 times
  • The average score is 4 of 14
Answers on the Grid
Answers color-coded by a green-red scale on the quiz's grid according to % correct below.
Poland
USSR
Austria
Norway
Sweden
France
Luxembourg
Belgium
Liectenstein
Switzerland
Denmark
Greece
Turkey
Yugoslavia
Egypt
Netherlands
Slovakia
Spain
Italy
Albania
 
Answer Stats
Answer % Correct
Poland
92%
France
42%
USSR
40%
Luxembourg
35%
Norway
33%
Netherlands
31%
Belgium
29%
Denmark
25%
Yugoslavia
25%
Greece
23%
Egypt
17%
Italy
17%
Slovakia
15%
Albania
13%
No matching quizzes found
Score Distribution
Percent of People with Each Score
Percentile by Number Answered
Your Score History
You have not taken this quiz